Troubleshooting & repairing diesel engines / (Record no. 60786)
[ view plain ]
| 000 -LEADER | |
|---|---|
| fixed length control field | 01470nam a22003257a 4500 |
| 005 - DATE AND TIME OF LATEST TRANSACTION | |
| control field | 20120112140917.0 |
| 008 - FIXED-LENGTH DATA ELEMENTS--GENERAL INFORMATION | |
| fixed length control field | 120112t xxu||||| |||| 00| 0 eng d |
| 010 ## - LCCN (DPL NO) | |
| LC control number | ENG-104703 |
| 020 ## - INTERNATIONAL STANDARD BOOK NUMBER | |
| International Standard Book Number | 9781259005343 |
| Terms of availability | 525.00 |
| 020 ## - INTERNATIONAL STANDARD BOOK NUMBER | |
| International Standard Book Number | 1259005348 |
| Terms of availability | 525.00 |
| 035 ## - SYSTEM CONTROL NUMBER | |
| System control number | EN-88236 |
| 037 ## - SOURCE OF ACQUISITION | |
| Source of stock number/acquisition | DBAD/PUB |
| 040 ## - CATALOGING SOURCE | |
| Original cataloging agency | DPL |
| Language of cataloging | Eng |
| 082 00 - DEWEY DECIMAL CLASSIFICATION NUMBER | |
| Classification number | 629.25060288 |
| Edition number | 22 |
| 100 1# - MAIN ENTRY--PERSONAL NAME | |
| Personal name | Dempsey, Paul |
| Fuller form of name | (Paul K.) |
| 9 (RLIN) | 39052 |
| 245 10 - TITLE STATEMENT | |
| Title | Troubleshooting & repairing diesel engines / |
| Statement of responsibility, etc | by Paul Dempsey |
| 246 3# - VARYING FORM OF TITLE | |
| Title proper/short title | Troubleshooting and repairing diesel engines |
| 250 ## - EDITION STATEMENT | |
| Edition statement | 4th ed |
| 260 ## - PUBLICATION, DISTRIBUTION, ETC. (IMPRINT) | |
| Place of publication, distribution, etc | New Delhi |
| Name of publisher, distributor, etc | Tata McGraw Hill |
| Date of publication, distribution, etc | 2011 |
| 270 ## - ADDRESS | |
| Address | 7 West Patel Nagar |
| City | New Delhi |
| Postal code | 110001 |
| 300 ## - PHYSICAL DESCRIPTION | |
| Extent | xiii, 390 p. : |
| Other physical details | ill. |
| Dimensions | 24cm(pbk) |
| 500 ## - GENERAL NOTE | |
| General note | Includes index |
| 650 #0 - SUBJECT ADDED ENTRY--TOPICAL TERM | |
| Topical term or geographic name as entry element | Diesel motor |
| General subdivision | Maintenance and repair. |
| 9 (RLIN) | 39053 |
| 856 42 - ELECTRONIC LOCATION AND ACCESS | |
| Materials specified | Contributor biographical information |
| Uniform Resource Identifier | <a href="http://www.loc.gov/catdir/enhancements/fy0916/2009419084-b.html">http://www.loc.gov/catdir/enhancements/fy0916/2009419084-b.html</a> |
| 856 42 - ELECTRONIC LOCATION AND ACCESS | |
| Materials specified | Publisher description |
| Uniform Resource Identifier | <a href="http://www.loc.gov/catdir/enhancements/fy0916/2009419084-d.html">http://www.loc.gov/catdir/enhancements/fy0916/2009419084-d.html</a> |
| 856 41 - ELECTRONIC LOCATION AND ACCESS | |
| Materials specified | Table of contents only |
| Uniform Resource Identifier | <a href="http://www.loc.gov/catdir/enhancements/fy0916/2009419084-t.html">http://www.loc.gov/catdir/enhancements/fy0916/2009419084-t.html</a> |
| 942 ## - ADDED ENTRY ELEMENTS (KOHA) | |
| Source of classification or shelving scheme | Dewey Decimal Classification |
| Item type | English Books |
| Classification part | 629.25060288 |
| Call number suffix | DEM |
| Withdrawn status | Lost status | Source of classification or shelving scheme | Damaged status | Not for loan | Collection code | Home library | Current library | Date acquired | Source of acquisition | Cost, normal purchase price | Total Checkouts | Full call number | Barcode | Date last seen | Copy number | Cost, replacement price | Koha item type |
|---|---|---|---|---|---|---|---|---|---|---|---|---|---|---|---|---|---|
| Dewey Decimal Classification | Not For Loan | Non-fiction | D.B.Act.Division | D.B.Act.Division | 12/01/2012 | DBAD/PUB | 525.00 | 629.25060288 DEM | EN-88236 | 12/01/2012 | 1 | 525.00 | English Books |
